[Event "Hoogeveen op 25th"]
[Site "Hoogeveen"]
[Date "2022.10.22"]
[Round "9"]
[White "Kazarjan, Gachatur"]
[Black "Van Den Dool, Gerrit"]
[Result "1-0"]
[WhiteElo "1746"]
[BlackElo "1570"]
[PlyCount "79"]
[EventDate "2022.10.15"]
[EventType "swiss"]
[EventRounds "9"]
[EventCountry "NED"]
[SourceTitle "CBM 210 Extra"]
[Source "ChessBase"]
[SourceDate "2022.11.30"]
[SourceVersion "1"]
[SourceVersionDate "2022.11.30"]
[SourceQuality "1"]

1. e4 c6 2. Nf3 Nf6 3. e5 Nd5 4. c4 Nc7 5. d4 d6 6. exd6 exd6 7. Bd3 Be7 8. 0-0 0-0 9. b3 Bg4 10. Nbd2 Ne6 11. Bb2 Nf4 12. Qc2 Nxd3 13. Qxd3 Nd7 14. Rfe1 Re8 15. Re3 Bf6 16. Rae1 Rxe3 17. fxe3 Nf8 18. Rf1 d5 19. e4 Bg5 20. exd5 Bxf3 21. Nxf3 Bf6 22. dxc6 bxc6 23. Ba1 Qb6 24. Kh1 Rd8 25. Qf5 Qb7 26. Ne5 Rd6 27. Bb2 Re6 28. Ng4 Qe7 29. d5 Bxb2 30. dxe6 Nxe6 31. Ne5 Nd8 32. Nd3 Bf6 33. Re1 Ne6 34. Nf4 Qb4 35. Rd1 h6 36. Nxe6 fxe6 37. Qxe6+ Kh7 38. Qxc6 Qe7 39. Qd7 Qe2 40. Qd3+ 1-0

[Event "Hoogeveen op 25th"]
[Site "Hoogeveen"]
[Date "2022.10.18"]
[Round "4"]
[White "Ten Ham, John"]
[Black "Van Den Dool, Gerrit"]
[Result "1-0"]
[WhiteElo "1910"]
[BlackElo "1570"]
[PlyCount "73"]
[EventDate "2022.10.15"]
[EventType "swiss"]
[EventRounds "9"]
[EventCountry "NED"]
[SourceTitle "CBM 210 Extra"]
[Source "ChessBase"]
[SourceDate "2022.11.30"]
[SourceVersion "1"]
[SourceVersionDate "2022.11.30"]
[SourceQuality "1"]

1. d4 c6 2. c4 Nf6 3. Nc3 Qc7 4. Nf3 d6 5. e4 Bg4 6. Be2 h6 7. Be3 Nbd7 8. 0-0 g5 9. b4 Bg7 10. Rc1 Rg8 11. b5 Nb6 12. c5 Bxf3 13. Bxf3 Nc4 14. cxd6 exd6 15. bxc6 bxc6 16. Qa4 Nb6 17. Qa5 g4 18. Be2 Nbd5 19. Qxc7 Nxc7 20. Rb1 h5 21. Rb7 Kd7 22. Rfb1 Nfe8 23. f4 Rf8 24. e5 f6 25. Ne4 fxe5 26. fxe5 dxe5 27. Nc5+ Kc8 28. dxe5 Bxe5 29. Ba6 Nxa6 30. Nxa6 Rf5 31. Re7 Kd8 32. Rbb7 Nf6 33. Rf7 Bd6 34. Bd4 Kc8 35. Rb1 Ra5 36. Rxf6 Rxa6 37. Rxd6 1-0